Catálogo de la Biblioteca del Instituto de 2a. Enseñanza de Vitoria

Gespeichert in:
Bibliographische Detailangaben
Körperschaft: Instituto de Segunda Enseñanza de Vitoria. Biblioteca
Weitere Verfasser: Ayala y Allica, Benigno
Format: Buch
Sprache:Spanisch
Erschienen: Vitoria : [Instituto de Segunda Enseñanza] , 1893
Katalog:MANES:  Suchergebnis im Bibliothekskatalog
Schulbuchspezifische Eigenschaften:
Schlagworte:
Tags: Tag hinzufügen
Keine Tags, Fügen Sie den ersten Tag hinzu!
Hinzugefügt zu:26.04.1998
Geändert in:07.05.2025

MARC

LEADER 00000cam a2200000 i 4500
005 20250507134515.0
008 980427s1893 esp b 000 spa
040 |a uned  |b spa  |c entro-manes 
110 2 |a Instituto de Segunda Enseñanza de Vitoria.   |b Biblioteca  |9 39594 
245 1 0 |a Catálogo de la Biblioteca del Instituto de 2a. Enseñanza de Vitoria  |c  / por Benigno Ayala y Allica ; publicase de orden de Félix Eseverri y Arberas ; a expensas del instituto 
260 |a Vitoria  |b  : [Instituto de Segunda Enseñanza]  |c , 1893  |f  : Estab. tip. de Domingo Sar) 
300 |a XXXVIII, 407 p., 1 h. pleg. 
546 |a España 
561 |5 es-BUNED  |3 L.T. 2873  |a España. Fondo Manes UNED  |k MANES 
650 7 |a Catálogos  |9 37812 
700 1 |a Ayala y Allica, Benigno  |9 39595 
942 |2 ddc  |c BK 
999 |c 96030  |d 96030 
999 |c manes:96030  |d 96030